000 01250nam a2200301Ia 4500
001 96221
003 IT-RoPAU
008 130308s9999 xx 000 0 und d
040 _aIT-RoPAU
040 _cIT-RoPAU
041 _aITALIANO
100 _aCarcano Sam
100 _gCodice Aut. SPICS: 8442
245 _aGiornalismo (Il)
245 _bGiornalismo (Il)
250 _a1a ed.
260 _aMILANO
260 _bVallardi Francesco
260 _c1956 [1° Ed.:1956 - Ed.Ling.Originale:1956]
300 _a"288 p. (prefazione: 14; testo: 274 [pagine: 0-0])"
500 _aPiramide del Sapere giornale scritto a Mano nascono I Lettori giornale per tutti Giornalismo degli Altri Albertini Alberto Giornalismo senza Liberta'Come si Diventa giornalisti Giornalismo e Vita forme Giornalistiche giornale in redazione Notte in redazione notizia Diventa Servizio Resoconto Inchiesta campagna Cronaca Terza Pagina Agenzie di informazioni fotoreporter Giornalismo Specializzato Attualità a rotocalco Giornalismo per le Orecchie Umiltà del Grande giornalista Carta per Tutta L'Umanita'
650 _aSTORIA DELLA STAMPA DI MASSA
650 _eCodice materia Spics: 6658
942 _cBK
957 _71
999 _c69918
_d69918
999 _bSI
999 _g1